| 000 | 01444cad a22002535a 4500 | ||
|---|---|---|---|
| 001 | E149955 | ||
| 008 | 100519s2010 xxk f l s000 0 eng d | ||
| 035 | _a(Sirsi) u149955 | ||
| 041 | 0 | _aeng | |
| 050 | 0 | 4 | _a347.4209 $2 18 |
| 110 | 2 |
_aScotland _kLaws, etc |
|
| 245 | 0 | 4 |
_aThe Arbitral Appointments Referee (Scotland) Order 2010 _h[electronic resource] |
| 260 |
_aLondon _bOPSI _c2010 |
||
| 490 | 0 |
_aScottish Statutory Instrument _v2010: 196 |
|
| 520 | _aAuthorises eight organisations to act as arbitral appointments referees for the purposes of the Scottish Arbitration Rules set out in schedule 1 to the Arbitration (Scotland) Act 2010. The organisations are: Agricultural Industries Confederation Limited; Chartered Institute of Arbitrators; Dean of the Faculty of Advocates; Institution of Civil Engineers; Law Society of Scotland; Royal Incorporation of Architects in Scotland; Royal Institution of Chartered Surveyors; Scottish Agricultural Arbiters and Valuers Association. | ||
| 521 | _aAdvanced | ||
| 590 | _aKA | ||
| 650 | 2 | 4 | _aARBITRAL APPOINTMENTS REFEREE (SCOTLAND) ORDER 2010 |
| 650 | 2 | 4 | _aARBITRATION (SCOTLAND) ACT 2010 |
| 651 | 4 |
_aScotland _y1999- |
|
| 690 | _aMANAGEMENT-DISPUTE AVOIDANCE, MANAGEMENT AND RESOLUTION-DISPUTE MANAGEMENT AND RESOLUTION-ARBITRATION | ||
| 856 | 4 | 0 |
_uhttps://www.opsi.gov.uk/legislation/scotland/ssi2010/ssi_20100196_en_1 _zView the SI free of charge at www.opsi.gov.uk... |
| 942 | _n0 | ||
| 999 |
_c110687 _d110687 |
||